000 00774nam a2200229 a 4500
001 58682
003 BD-RjUL
005 20211209080640.0
008 161219s1962 njua b 001 0 eng
035 _a(BD-RjUL) 58806
040 _dUPvMLC
_aBD-RjUL
_beng
_cBD-RjUL
041 _aeng
082 _a338.9173059
_223
_bWOF 1962
100 1 _aWolf, Charles,
_d1924-
_9174418
245 1 0 _aForeign aid :
_btheory and practice in southern Asia /
_cCharles Wolf
260 _aPrinceton, NJ :
_bPrinceton University Press,
_cc1960 [Printing 1962]
300 _axix, 442 p. :
_bill. ;
_c25 cm.
504 _aBibliographical footnotes and index.
650 0 _aEconomic assistance, American
_zAsia.
_9174419
650 0 _aMilitary assistance, American
_zAsia.
_9174420
942 _2ddc
_cBK
999 _c58682
_d58682